The beginners' choice; teacher's book /

Guardado en:
Autor Principal: Mohamed, Sue
Otros Autores: Acklam, Richard
Formato: Libro
Publicado: Inglaterra : Longman, 1993
Materias:
Etiquetas: Agregar Etiqueta
Sin Etiquetas, Sea el primero en etiquetar este registro!
LEADER 00491nam a22001815a 4500
001 CEM.cems008895
005 20060214000000.0
008 130507s1993##################000#0#####d
003 CEMS
082 0 4 |a 428.64 
100 1 |a Mohamed, Sue 
245 1 0 |a The beginners' choice; teacher's book / 
260 |a Inglaterra :  |b Longman,  |c 1993 
300 |a 159 p. 
653 |a Ingles 
653 |a Ingles-textos 
700 1 |a Acklam, Richard 
859 |a CEMS  |b BIB. CEMS - 11 de abril  |h 428.64  |i M725-4  |p 18331.95  |t Ej.1